| 000 | 00639nam a2200205Ia 4500 | ||
|---|---|---|---|
| 001 | 3077 | ||
| 003 | GE_BSU | ||
| 008 | 181216s||||||||xx |||||||||||||| ||und|| | ||
| 040 | _cGE_BSU | ||
| 080 | _a665.632(075) | ||
| 100 | _aБерлин,М.А. Гореченков,В.Г. Волков,Н.П. | ||
| 245 | _aПереработка нефтяных и природных газов. | ||
| 245 | _cРед.С.И.Бабушкина. | ||
| 260 | _aМ. | ||
| 260 | _bХимия. | ||
| 260 | _c1981. | ||
| 300 | _a472стр.илл.22см. | ||
| 653 | _aПереработка нефтяных и природных газов. | ||
| 942 | _cBK | ||
| 999 |
_c37121 _d37121 |
||